000 00360nam a2200133Ia 4500
008 240624s9999 xx 000 0 und d
041 _aeng
082 _a371.104 WHI
100 _aWHITTINGTON E KEITH
245 _aSPEAK FREELY WHY UNIVERSITIES MUST DEFEN
260 _c2018
_aNew Jersey
_bPrinceton University Press
300 _a208p. ;23cm
365 _c
_b33
999 _c32754
_d32754